000 01515cam a22004334i 4500
003 PE-LiUPU
005 20250731175619.0
008 150617s r 000 0 d
020 _a8424911113
035 _a(Sirsi) i9788424911119
040 _aPE-LiUPU
_bspa
_cPE-LiUPU
_erda
049 _aPRUA
082 0 4 _a410.3
_bL431d
_221
100 1 _aLázaro Carreter, Fernando,
_eautor.
245 1 0 _aDiccionario de términos filológicos /
_cFernando Lázaro Carreter.
250 _aTercera edición
264 1 _aMadrid :
_bEditorial Gredos,
_c1981.
300 _a443 páginas ;
_c20 centímetros.
336 _atext
_2rdacontent
337 _aunmediated
_2rdamedia
338 _avolume
_2rdacarrier
490 0 _a(Biblioteca Románica Hispánica ;
_vIII. Manuales, 6)
505 0 _aDiccionario de términos filosóficos, de la palabra Abecedario - Yuxtaposantes.
526 _aP145
526 _aP127
526 _aP97
526 _aP35
526 _aP14
526 _aP07
650 0 _aLingüística
_vDiccionarios
_92381
650 0 _aFilología
_vDiccionarios
_92382
910 _ajck
942 _2ddc
_cBK
949 _a410.3 L32
_wDEWEY
_c1
_i22864
_lCCODEBUL1
_mBUL
_r0
_sY
_tBOOK
_u2015-6-17
_xEDUCACION
_zUNKNOWN
_0COMPRA
_o.STAFF. Colección General
949 _a410.3 L32
_wDEWEY
_c2
_i26198
_lCCODEBUL1
_mBUL
_r0
_sY
_tBOOK
_u2015-6-17
_xEDUCACION
_zUNKNOWN
_0COMPRA
_o.STAFF. Colección General
980 _81
_gALBERTO SANCHEZ Responsable de Automatización
999 _c17210
_d17210